<?xml version="1.0" encoding="UTF-8"?>
<collection xmlns="http://www.loc.gov/MARC21/slim">
  <record>
    <leader>00000nam  2200000   4500</leader>
    <controlfield tag="001">INLIS000000000003274</controlfield>
    <controlfield tag="005">20190325104322</controlfield>
    <datafield tag="035" ind1="#" ind2="#">
      <subfield code="a">0010-0718003274</subfield>
    </datafield>
    <controlfield tag="008">190325################g##########0#ind##</controlfield>
    <datafield tag="020" ind1="#" ind2="#">
      <subfield code="a">9799316529</subfield>
    </datafield>
    <datafield tag="041" ind1=" " ind2=" ">
      <subfield code="a">id</subfield>
    </datafield>
    <datafield tag="082" ind1="#" ind2="#">
      <subfield code="a">R.70.5</subfield>
    </datafield>
    <datafield tag="090" ind1=" " ind2=" ">
      <subfield code="a">R.70.5. Per.m</subfield>
    </datafield>
    <datafield tag="100" ind1=" " ind2="#">
      <subfield code="a">PNRI RI</subfield>
    </datafield>
    <datafield tag="245" ind1="1" ind2="#">
      <subfield code="a">UU RI Nomor 4 th 1990. ttg. Serah simpan Karya Cetak Dan Karya Rekam /</subfield>
      <subfield code="c">Perpustakaan Nasional RI</subfield>
    </datafield>
    <datafield tag="260" ind1="#" ind2="#">
      <subfield code="a">Jakarta :</subfield>
      <subfield code="b">PNRI RI,</subfield>
      <subfield code="c">2002</subfield>
    </datafield>
    <datafield tag="300" ind1="#" ind2="#">
      <subfield code="a">47 hlm. ;</subfield>
      <subfield code="c">20 cm</subfield>
    </datafield>
    <datafield tag="650" ind1=" " ind2="#">
      <subfield code="a">UU RI</subfield>
    </datafield>
    <datafield tag="084" ind1="#" ind2="#">
      <subfield code="a">R.70.5 Per m</subfield>
    </datafield>
    <datafield tag="250" ind1="#" ind2="#">
      <subfield code="a">Edisi Baru</subfield>
    </datafield>
    <datafield tag="520" ind1="#" ind2="#">
      <subfield code="a">1. Undang-undang RI Nomor 4 tahun 1990 Tentang Serah-Simpan karya Cetak dan karya Rekam. 2. Peraturan Pemerintah RI No.70 tahun.1991 tentang Pelaksanaan Undang-Undang No.4 tahun 1990 tentang Serah-Simpan Karya Cetak dan Karya Rekam. 3. Peraturan Pemerintah RI No.23 Tahun 1999 tentang pelaksanaan Serah-Simpan dan Pengelolaan Karya Rekam Film Ceritera atau Film Dokumenter</subfield>
    </datafield>
    <datafield tag="856" ind1="#" ind2="#">
      <subfield code="a">Perpustakaan Lembaga Administrasi Negara</subfield>
    </datafield>
  </record>
</collection>
